Responses for Show #2515 - Friday, July 7, 1995

Isaac Segal game 4.
Last regular play game of Season 11.

Contestants

[<< previous game]

Robert Press, a district manager from Valencia, California

Beverly Adams, a foreign language consultant from La Jolla, California

Isaac Segal, an advertising creative director from Cherry Hill, New Jersey (whose 3-day cash winnings total $42,800)

[next game >>]

Jeopardy! Round responses

AMERICANA
SPORTS
GRAINS & STAPLES
HISTORIC WOMEN
ORGANIZATIONS
PROVERBS
    $100 1
Hawaii

Isaac
    $100 6
Joe Namath

Isaac
    $100 16
buckwheat

Isaac
    $100 21
Pocahontas

Isaac
    $100 26
Gideon

Beverly
    $100 10
love

Isaac
    $200 2
Albany

Beverly
    $200 7
the Boston Marathon

Robert
    $200 17
oats

Beverly
    $200 22
Peter the Great

Isaac
    $200 27
retired

Beverly
    $200 12
the present

Beverly
    $300 3
Betty Ford

Isaac
    $300 8
the Utah Jazz

Robert
    $300 18
rice

Robert
    $300 23
Golda Meir

Robert
    $300 28
the American Kennel Club

Beverly
    $300 13
a watched pot

Isaac
    $400 4
Pennsylvania

Isaac
    $400 9
ice skating (men's figure skating)

Beverly
    $400 19
birds

Beverly
    $400 24
(Robert: Who is Lizzie Borden?)

(Alex: [*], yes, but I like Robert's thought.)

Carrie Nation

IsaacRobert
    $400 29
the Guardian Angels

Isaac
    $400 14
haste

Isaac
    $500 5
New Haven

Isaac
    $500 11
(Sandy) Koufax

Isaac
    $500 20
barley

Beverly
    $500 25
Lady Hamilton

Beverly
    $1,000 30
(Isaac: What is the Palestine Liberation Organization?)

the Arab League

Isaac
    $500 15
a shoe

Robert

Scores at the first commercial break (after clue 15):

Isaac Beverly Robert
$2,700 $800 $1,000

Scores at the end of the Jeopardy! Round:

Isaac Beverly Robert
$2,900 $3,000 $1,200

Double Jeopardy! Round responses

GEOGRAPHY
20th CENTURY DESIGN
AUTHORS
1938
MUSICAL THEATRE
MIDDLE INITIAL C.
    $200 1
the Nile

Isaac
    $200 10
H.G. Wells

Isaac
    $200 2
FDR

Robert
    $200 4
Funny Girl

Beverly
    $400 3
Victoria

Beverly
    $400 11
(Mario) Puzo

Isaac
    $400 6
Haile Selassie

Isaac
    $400 5
Grease

Isaac
    $600 15
Italy

Robert
    $600 22
a geodesic dome

Beverly
    $600 12
Thomas Hardy

Isaac
    $600 7
Anne Hathaway

Isaac
    $600 14
Allan Sherman

Robert
    $600 26
[The end-of-round signal sounds.]
...
(Alex: Beverly, you finish in a negative situation; you took some gutsy chances on those two Daily Doubles and I'm sorry it didn't work out for you. You won't be around for Final Jeopardy! and you will receive the 3rd place prize, but it was good having you with us on the program today. Thank you so much.)

N.C. Wyeth

Isaac
    $800 16
Poland

Beverly
    $800 21
aluminum

Isaac
    $800 13
Hugh Lofting

Beverly
    $800 8
(Robert: Who is Lindbergh?)

(Alex: Who was [*], up or down, [*].)

"Wrong Way" Corrigan

Robert
Triple Stumper
    $3,000 17
(Alex: Beverly?)
(Beverly: What is... Redhead?)

Mame

Beverly
    $800 24
John C. Calhoun

Isaac
    $1000 20
(Robert: What is Finland?)
(Isaac: What is Greenland?)
(Beverly: What is Sweden?)
...
(Alex: Less than a minute to go, Beverly.)

Canada

IsaacBeverlyRobert
Triple Stumper
    $1000 23
the Pompidou Centre

Isaac
    $3,000 19
(Beverly: Who are Steinbeck and Hemingway? Wrong. Wrong.)
(Alex: No, you had to come up with one only--)
(Beverly: Oh...)
(Alex: --one of the three--)
(Beverly: ...oh...)
(Alex: --and fortunately you didn't come up with either one that was correct because I would hate to penalize you for coming up with two.)

(1 of) Faulkner, Tarkington & John Updike

Beverly
    $1000 9
Albania

Isaac
    $1000 18
I Am a Camera

Beverly
    $1000 25
John C. Fremont

Triple Stumper

Scores at the end of the Double Jeopardy! Round:

Isaac Beverly Robert
$8,900 -$200 $800
(lock game)

[wagering suggestions for these scores]

Final Jeopardy! Round responses

NOTORIOUS
(Alex: [Before revealing Isaac's response] Ladies and gentlemen, whenever we have a player pass our test who happens to be over 50 years of age, we give them the choice of whether they want to compete in the regular games, or take part in our Seniors Tournament. Isaac, who is 50, had that choice, and decided to take his chances in our regular games, and it has paid off handsomely. He's won over $40,000 to this point. He's going to win again today, obviously. Let's see if he got [*]. He did indeed.)
...
(Alex: And he gets to wait 8 weeks before coming back to defend for the very last time. But I think we'll see him in our Tournament of Champions in November. Thanks for tuning us in. Remember, the Seniors Tournament next Monday. See you then. So long.)
RobertWho was Truman
$799
IsaacWho is Truman?
$5,000
Harry Truman

Final scores:

Isaac Beverly Robert
$13,900 -$200 $1,599
4-day champion: $56,700 + Jeopardy! Sports Edition video game 3rd place: GO.VIDEO's dual-deck VCR + Jeopardy! Sports Edition video game 2nd place: Singer Furniture's 18th century bedroom set + a Minoff lamp + Jeopardy! Sports Edition video game

Game dynamics:

Coryat scores:

Isaac Beverly Robert
$9,900 $5,800 $800
26 R,
2 W
(including 1 DD)
16 R,
3 W
(including 2 DDs)
8 R,
3 W

Combined Coryat: $16,500

[game] [game scores] [suggest correction]

Game tape date: 1995-02-15
The J! Archive is created by fans, for fans. Scraping, republication, monetization, and malicious use prohibited; this site may use cookies and collect identifying information. See terms. The Jeopardy! game show and all elements thereof, including but not limited to copyright and trademark thereto, are the property of Jeopardy Productions, Inc. and are protected under law. This website is not affiliated with, sponsored by, or operated by Jeopardy Productions, Inc. Join the discussion at JBoard.tv.